| 000 | 01149 a2200205 4500 | ||
|---|---|---|---|
| 003 | Nust | ||
| 005 | 20220817163801.0 | ||
| 010 | _a 00058197 | ||
| 020 | _a8176351814 | ||
| 040 | _cNust | ||
| 082 | 0 | 0 | _a005.133,WIN |
| 100 | 1 |
_a Winemiller,Eric _997868 |
|
| 245 | 1 | 0 |
_aThe Waite group's Visual Basic 6 database (Include CD) / _c Eric Winemiller and Jason roff |
| 260 |
_a New Delhi _b Techmedia _c1999. |
||
| 300 |
_axxxiii, 1050 p. : _bill. ; _c24 cm. |
||
| 505 | _aAccessing a Database With Bound Controls (Page-3), Accessing a Database With Access Objects (Page-55), Creating Queries With SQL (Page-127), Designing and Implementing a Database (Page-229), Microsoft Access Database (Page-297), Connecting to an ODBC Server (Page-365), SQL Server Database and Remote Data Objects (Page-427), Using Activex Data Objects (Page-481), Microsoft Data Report (Page-553), Security And Multiuser Access (Page-647), The Windows Registry and State Information (Page-753), Activex and Automation (Page-789), Advanced Database Techniques (Page-907). | ||
| 650 | 0 |
_aWeb databases. _955731 |
|
| 651 |
_a(Include CD) _98953 |
||
| 942 |
_2ddc _cBK _k005.133,WIN |
||
| 999 |
_c179955 _d179955 |
||